NBA Players Who: Played More than 82 Games in a Season - Statistics

General Stats
  • This quiz has been taken 106 times
    49 since last reset
  • The average score is 6 of 42
Answer Stats
Year Games Player % Correct
2023 83 Mikal Bridges
84%
1997 83 A.C. Green
32%
1983 83 Clemon Johnson
32%
2015 83 Josh Smith
32%
2011 83 Jarrett Jack
27%
1969 83 Flynn Robinson
25%
1975 85 Nate Williams
25%
2002 83 Jalen Rose
20%
2001 83 Mark Jackson
20%
1988 83 Mark West
18%
1969 88 Walt Bellamy
14%
1992 84 Thurl Bailey
11%
1972 84 Jim Washington
9%
1968 85 John Tresvant
9%
1971 86 McCoy McLemore
9%
1982 84 Mike Mitchell
9%
1977 87 Tom Henderson
9%
1997 83 Aaron McKie
7%
1969 84 Al Tucker
7%
1996 83 Benoit Benjamin
7%
1981 84 Billy McKinney
7%
1980 84 Billy Paultz
7%
2002 83 Bo Outlaw
7%
2005 84 Casey Jacobsen
7%
2000 85 Chris Gatling
7%
1981 84 Dave Robisch
7%
1969 84 Fred Hetzel
7%
1976 86 Gar Heard
7%
1969 85 Howard Komives
7%
1986 83 James Donaldson
7%
1978 83 James Edwards
7%
2003 83 James Posey
7%
1978 83 Jim Price
7%
1993 83 J.R. Reid
7%
1977 83 Leonard Gray
7%
1997 83 Michael Finley
7%
1982 83 Mike Woodson
7%
1982 83 Phil Hubbard
7%
2014 83 Ramon Sessions
7%
2004 85 Shareef Abdur-Rahim
7%
2004 85 Theo Ratliff
7%
1988 84 Tyrone Corbin
7%
No matching quizzes found
Score Distribution
Percent of People with Each Score
Percentile by Number Answered
Your Score History
You have not taken this quiz since the last reset